Teorie a praxe obchodování s cennými papíry

Guardado en:
Detalles Bibliográficos
Autor principal: Rejnuš, Oldřich
Formato: Libro
Lenguaje:checo
Publicado: Praha Vydavatelství a nakladatelství Computer Press 2001
Colección:Praxe manažera
Business books
Materias:
Etiquetas: Agregar Etiqueta
Sin Etiquetas, Sea el primero en etiquetar este registro!

MARC

LEADER 00000nam a2200000 4500
001 c144014
005 20221124103949.9
020 |a 80-7226-571-7 
041 0 |a cze 
044 |a CZ 
245 1 0 |a Teorie a praxe obchodování s cennými papíry  |c Oldřich Rejnuš 
264 1 |a Praha  |b Vydavatelství a nakladatelství Computer Press  |c 2001 
300 |a 257 s. 
490 1 |a Praxe manažera 
830 0 |a Praxe manažera 
490 1 |a Business books 
830 0 |a Business books 
610 2 0 |a burzovníctvo 
610 2 0 |a peňažníctvo 
610 2 0 |a obchody burzové 
610 2 0 |a papiere cenné 
610 2 0 |a trh finančný 
610 2 0 |a investície 
610 2 0 |a investície finančné 
610 2 0 |a trh peňažný 
610 2 0 |a trh kapitálový 
610 2 0 |a trh devízový 
610 2 0 |a trh verejný 
610 2 0 |a výnosy 
610 2 0 |a riziko 
610 2 0 |a likvidita 
610 2 0 |a dlhopisy 
610 2 0 |a akcie 
610 2 0 |a investovanie kolektívne 
610 2 0 |a burzy 
610 2 0 |a trh mimoburzový 
610 2 0 |a špekulácie 
610 2 0 |a indexy burzové 
610 2 0 |a deriváty 
610 2 0 |a kontrakty 
610 2 0 |a Česko 
610 2 0 |a obchod elektronický 
100 1 |a Rejnuš, Oldřich